000 00884nam a22002537a 4500
005 20260203082757.0
008 260203t ||||| |||| 00| 0 spa d
020 _a9789587928877
020 _a9789587928884
040 _aCO-BoUCM
_cDavid Moreno
_dDavid Moreno
041 _aspa
100 1 _aMontoya Agudelo, César Alveiro
_9187868
245 1 _aInteligencia artificial aplicada a las organizaciones
_cCésar Alveiro Montoya Agudelo
250 _a1a.Ed
260 _aBogotá, Colombia
_bEdiciones de la U
_c2025
300 _a200 páginas
650 1 4 _aTransformación digital
_9179932
650 1 4 _aInteligencia artificial
_917844
650 1 4 _aGestión organizacional
_9187869
650 1 4 _aInnovación tecnológica
_917710
650 1 4 _aAdministración de empresas
_9435
942 _2DEWEY
_a16
_cLIBRO
_e1
_h303.483
_mM798i
_n0
999 _c326049
_d326049